Responses for Show #6272 - Tuesday, December 20, 2011

Jason Keller game 3.

Contestants

[<< previous game]

Doug Davies, an investment consultant from Monrovia, California

Karen Hedlund, a nursing tutor from Brooklyn, New York

Jason Keller, a tutor from Highland Park, New Jersey (whose 2-day cash winnings total $44,800)

[next game >>]

Jeopardy! Round responses

CLASSIC NOVELS
BROADWAY MUSICAL SETTINGS
WORD ORIGINS
PROJECT RUNAWAY
COLORS
PAPAL PEOPLE
(Alex: We'll give you the year; you identify the pope.)
    $200 1
(Jason: What is A Room With a View?)
(Alex: [In a Transylvanian accent] [*]. I am [*], you are not.)
[Audience laughs]

Dracula

Jason
Triple Stumper
    $200 6
The King and I

Jason
    $200 20
sassy

Jason
    $200 16
(Jason: What is Maryland?)
...
(Alex: He kinda narrowed it down for you.)
(Karen: [Looks at Jason] Thank you!)
[Laughter]

Virginia

JasonKaren
    $200 9
yellow

Karen
    $200 26
Benedict

Jason
    $400 2
War and Peace

Jason
    $400 7
Memphis

Doug
    $400 21
the ballot

Karen
    $400 17
the summer Olympics

Doug
    $400 10
emerald

Doug
    $400 27
(Alex: Right, we didn't catch you!)

Benedict

Jason
    $600 3
Black Beauty

Karen
    $600 8
River City

Karen
    $600 22
bodacious

Jason
    $600 18
Russia

Doug
    $600 11
gray

Jason
    $600 28
John Paul

Jason
    $800 4
Pioneers

Doug
    $800 12
Mamma Mia!

Jason
    $800 23
a Hansom cab

Karen
    $800 19
the BBC (British Broadcasting Corporation)

Jason
    $800 14
(Doug: What is amber?)

purple

KarenDoug
    $800 29
John

Jason
    $1000 5
Sense and Sensibility

Jason
    $1000 13
Baltimore

Karen
    $1000 24
(Alex: You're too young to have dealt with those, uh, sheets of paper in school.)

foolscap

Triple Stumper
    $1000 25
(Alex: [*], who was assassinated there, yes.)

Robert F. Kennedy

Karen
    $1,800 15
(Alex: Karen?)
(Karen: What is crimson?)

cardinal

Karen
    $1000 30
Paul

Doug

Scores at the first commercial break (after clue 15):

Jason Karen Doug
$2,800 $1,400 $800

Scores at the end of the Jeopardy! Round:

Jason Karen Doug
$6,200 $3,800 $2,800

Double Jeopardy! Round responses

TOUCHED BY AN ANGEL
HAVE A WONDERFUL WEDDING
YULE TUBE
ZOOM IN FOR A CLOSE-UP
MAKING A "LIST"
CHECKING IT TWICE
    $400 21
Joseph Smith

Doug
    $400 7
maid of honor

Doug
    $400 2
Shrek

Karen
    $400 24
Massachusetts

Doug
    $400 1
enlist

Jason
    $400 12
a bigamist

Karen
    $800 22
John the Baptist

Doug
    $800 8
ringbearer

Jason
    $800 14
Madagascar

Jason
    $800 25
(Alex: Not Norfolk, but [*], north and south.)

Suffolk

Triple Stumper
    $800 3
novelist

Doug
    $2,500 13
(Alex: Well, two good things have just happened--you have found the Daily Double, and you have prevented our champion from finding it.)
...
(Karen: What is the Sixth Amendment?)

the Fifth Amendment

Karen
    $1200 23
on high

Jason
    $1200 9
Queen Victoria

Karen
    $1200 18
Olive

Triple Stumper
    $1200 26
the Charles River

Karen
    $1200 4
somnambulist

Jason
    $1200 15
Recount

Karen
    $1600 29
Swedenborg

Jason
    $1600 10
a garter

Doug
    $1600 19
Toys

Jason
    $1600 27
(Doug: What's the Common Garden?)
(Karen: What is Boston Commons?)
...
(Alex: With less than a minute to go.)

Public

JasonKarenDoug
    $1,600 5
holistic

Jason
    $1600 16
an f-stop

Jason
    $2000 30
King Philip

Jason
    $2000 11
A Midsummer Night's Dream

Jason
    $2000 20
July

Karen
    $2000 28
(Jason: Who is Revere?)

George Washington

Jason
Triple Stumper
    $2000 6
Callisto

Jason
    $2000 17
Magellan

Doug

Scores at the end of the Double Jeopardy! Round:

Jason Karen Doug
$22,600 $6,100 $7,600
(lock game)

[wagering suggestions for these scores]

Final Jeopardy! Round responses

POETS
(Alex: Jason wrote down his response before the music started, so I bet he got it right.)
KarenWho is Borges?
$0
DougWho was Neruda?
$4,601
JasonWho is Neruda?
$2,400
Pablo Neruda

Final scores:

Jason Karen Doug
$25,000 $6,100 $12,201
3-day champion: $69,800 3rd place: $1,000 2nd place: $2,000

Game dynamics:

Coryat scores:

Jason Karen Doug
$22,600 $10,400 $7,600
25 R
(including 1 DD),
3 W
15 R,
3 W
(including 2 DDs)
13 R,
2 W

Combined Coryat: $40,600

[game clues] [game scores] [suggest correction]

Game tape date: 2011-10-26
The J! Archive is created by fans, for fans. Scraping, republication, monetization, and malicious use prohibited; this site may use cookies and collect identifying information. See terms. The Jeopardy! game show and all elements thereof, including but not limited to copyright and trademark thereto, are the property of Jeopardy Productions, Inc. and are protected under law. This website is not affiliated with, sponsored by, or operated by Jeopardy Productions, Inc. Join the discussion at JBoard.tv.